[Event "Roncana op-A 13th"]
[Site "Santa Eulalia de Roncana"]
[Date "2019.10.26"]
[Round "5"]
[White "Barea Serra, Josep"]
[Black "Lara Cabrera, Toni"]
[Result "1-0"]
[WhiteElo "1638"]
[BlackElo "1719"]
[PlyCount "115"]
[EventDate "2019.09.28"]
[EventType "swiss"]
[EventRounds "8"]
[EventCountry "ESP"]
[SourceTitle "CBM 193 Extra"]
[Source "ChessBase"]
[SourceDate "2020.01.31"]
[SourceVersion "1"]
[SourceVersionDate "2020.01.31"]
[SourceQuality "1"]

1. Nf3 g6 2. g3 Bg7 3. Bg2 Nf6 4. c4 0-0 5. Nc3 d6 6. d4 Nc6 7. 0-0 Re8 8. e4 Bg4 9. h3 Bd7 10. Be3 Qc8 11. Kh2 e5 12. d5 Na5 13. Qd3 b6 14. b4 Nb7 15. Rfc1 c5 16. dxc6 Bxc6 17. Nd5 Bxd5 18. cxd5 Qd7 19. Rc3 Rac8 20. Rac1 Rxc3 21. Rxc3 Rc8 22. Nd2 Rxc3 23. Qxc3 Nd8 24. f3 Kf8 25. h4 Ne8 26. Bh3 Qc7 27. Qxc7 Nxc7 28. Nc4 Ke7 29. a4 f5 30. Bf1 Nb7 31. Bd3 fxe4 32. fxe4 Kd7 33. Na3 Bf8 34. Nb5 Nxb5 35. Bxb5+ Kc7 36. Ba6 Be7 37. Kh3 Nd8 38. Bb5 Kb7 39. Be8 Kc7 40. Kg4 Nb7 41. h5 a5 42. bxa5 Nxa5 43. hxg6 hxg6 44. Bxg6 Nb3 45. Kf5 Nc5 46. Be8 Kd8 47. Bc6 Bf8 48. g4 Ke7 49. Bg5+ Kf7 50. Bd8 Bh6 51. Bxb6 Be3 52. a5 Bd4 53. g5 Ke7 54. Bb5 Nb3 55. Kg6 Bxb6 56. axb6 Nc5 57. Kf5 Nb7 58. Bc6 1-0

[Event "Vall del Tenes op 5th"]
[Site "Vall del Tenes"]
[Date "2016.04.22"]
[Round "3"]
[White "Barea Serra, Josep"]
[Black "Bouzas Arcos, Juan Manuel"]
[Result "1/2-1/2"]
[WhiteElo "1912"]
[BlackElo "1808"]
[PlyCount "40"]
[EventDate "2016.04.08"]
[EventType "swiss"]
[EventRounds "8"]
[EventCountry "ESP"]
[SourceTitle "CBM 172 Extra"]
[Source "ChessBase"]
[SourceDate "2016.06.21"]
[SourceVersion "1"]
[SourceVersionDate "2016.06.21"]
[SourceQuality "1"]

1. Nf3 e6 2. b3 f5 3. Bb2 Nf6 4. c4 d5 5. g3 c6 6. Bg2 Be7 7. 0-0 0-0 8. d3 Na6 9. Nbd2 Qe8 10. Ne5 Nc5 11. b4 Ncd7 12. Nxd7 Bxd7 13. a3 Ng4 14. h3 Bf6 15. Bxf6 Nxf6 16. e4 fxe4 17. dxe4 dxe4 18. Nxe4 Nxe4 19. Bxe4 e5 20. Bg2 Be6 1/2-1/2

[Event "Vall del Tenes op 5th"]
[Site "Vall del Tenes"]
[Date "2016.04.15"]
[Round "2"]
[White "Ruiz Mateos, Bernardo"]
[Black "Barea Serra, Josep"]
[Result "0-1"]
[WhiteElo "1655"]
[BlackElo "1912"]
[PlyCount "92"]
[EventDate "2016.04.08"]
[EventType "swiss"]
[EventRounds "8"]
[EventCountry "ESP"]
[SourceTitle "CBM 172 Extra"]
[Source "ChessBase"]
[SourceDate "2016.06.21"]
[SourceVersion "1"]
[SourceVersionDate "2016.06.21"]
[SourceQuality "1"]

1. Nf3 Nf6 2. d4 g6 3. Bf4 Bg7 4. h3 d6 5. e3 Bf5 6. c4 0-0 7. Nc3 Ne4 8. Nxe4 Bxe4 9. Bd3 Bxd3 10. Qxd3 Nd7 11. e4 c5 12. Be3 cxd4 13. Nxd4 Nc5 14. Qc2 Qa5+ 15. Bd2 Qb6 16. Bc3 Rac8 17. 0-0 Nd7 18. Qd3 Ne5 19. Qc2 Nxc4 20. Rfd1 Ne5 21. b3 Qc5 22. Rac1 Bh6 23. Bd2 Qxc2 24. Rxc2 Bxd2 25. Rdxd2 a6 26. Rxc8 Rxc8 27. Rc2 Rxc2 28. Nxc2 Nd3 29. a3 Nc5 30. f3 Nxb3 31. Kf2 Kg7 32. Ke3 Kf6 33. f4 Ke6 34. g4 f5 35. Nd4+ Nxd4 36. Kxd4 fxe4 37. Kxe4 b5 38. Kd4 a5 39. h4 b4 40. axb4 axb4 41. Kc4 b3 42. Kxb3 Kd5 43. f5 gxf5 44. gxf5 Ke5 45. Kc4 Kxf5 46. Kd5 Kg4 0-1

[Event "Roncana op-A 9th"]
[Site "Santa Eulalia de Roncana"]
[Date "2015.10.03"]
[Round "1"]
[White "Barea Serra, Josep"]
[Black "Costa Trave, Jaume"]
[Result "0-1"]
[WhiteElo "1921"]
[BlackElo "2070"]
[PlyCount "122"]
[EventDate "2015.10.03"]
[EventType "swiss"]
[EventRounds "8"]
[EventCountry "ESP"]
[SourceTitle "EXT 2017"]
[Source "ChessBase"]
[SourceDate "2016.10.25"]
[SourceVersion "1"]
[SourceVersionDate "2016.10.25"]
[SourceQuality "1"]

1. Nf3 c5 2. b3 d5 3. e3 Nc6 4. Bb2 a6 5. c4 d4 6. exd4 cxd4 7. d3 Bf5 8. a3 e6 9. Be2 Be7 10. 0-0 Bf6 11. Nbd2 Nge7 12. Re1 Ng6 13. Nf1 Nf4 14. Ng3 Nxe2+ 15. Qxe2 Bg6 16. Ne4 Be7 17. b4 b5 18. c5 0-0 19. Bc1 Qc7 20. Qb2 e5 21. Bg5 f6 22. Bh4 Nd8 23. Qa2+ Bf7 24. Qe2 Ne6 25. Bg3 Qc6 26. Ned2 Rae8 27. Qe4 Qc8 28. Rac1 Nc7 29. Qe2 Nd5 30. Ne4 Qc6 31. h3 Bg6 32. Nh4 f5 33. Nxg6 hxg6 34. Nd2 Bf6 35. Nb3 Nc3 36. Qd2 Qd5 37. Qc2 f4 38. Bh2 g5 39. Nd2 Re6 40. Ne4 Nxe4 41. Rxe4 Rc8 42. Rce1 a5 43. Ra1 Ra6 44. Ree1 Rca8 45. Qd2 Qb3 46. Reb1 Qc3 47. Qa2+ Kh8 48. Rb3 axb4 49. Rxc3 dxc3 50. Qb3 Rxa3 51. Rxa3 Rxa3 52. Qd1 c2 53. Qc1 e4 54. Bxf4 Ra1 55. Bd2 exd3 56. Qxa1 Bxa1 57. c6 Be5 58. Bxg5 b3 59. Bc1 b2 60. Bxb2 Bxb2 61. c7 c1Q+ 0-1

[Event "Vall del Tenes op 4th"]
[Site "Santa Eulalia de Roncana"]
[Date "2015.05.22"]
[Round "6"]
[White "Barea Serra, Josep"]
[Black "Roquet Estrada, Albert"]
[Result "1/2-1/2"]
[WhiteElo "1902"]
[BlackElo "1998"]
[PlyCount "50"]
[EventDate "2015.04.10"]
[EventType "swiss"]
[EventRounds "8"]
[EventCountry "ESP"]
[SourceTitle "CBM 166 Extra"]
[Source "ChessBase"]
[SourceDate "2015.06.18"]
[SourceVersion "1"]
[SourceVersionDate "2015.06.18"]
[SourceQuality "1"]

1. Nf3 h6 2. b3 b6 3. g3 Bb7 4. Bg2 Nf6 5. Bb2 e6 6. 0-0 Be7 7. c4 0-0 8. Nc3 d6 9. d3 Nbd7 10. Qc2 Rb8 11. e4 e5 12. d4 exd4 13. Nxd4 Nc5 14. b4 Ne6 15. Nf5 Ne8 16. Nxe7+ Qxe7 17. Nd5 Bxd5 18. exd5 Ng5 19. Rfe1 Qd7 20. h4 Nh7 21. Kh2 Nef6 22. Bh3 Qd8 23. Re2 Re8 24. Rae1 Rxe2 25. Qxe2 Qe8 1/2-1/2

[Event "Roncana op-A 8th"]
[Site "Santa Eulalia de Roncana"]
[Date "2014.11.15"]
[Round "5"]
[White "Soler Colomer, Joan"]
[Black "Barea Serra, Josep"]
[Result "1/2-1/2"]
[WhiteElo "1878"]
[BlackElo "1904"]
[PlyCount "22"]
[EventDate "2014.10.11"]
[EventType "swiss"]
[EventRounds "8"]
[EventCountry "ESP"]
[SourceTitle "CBM 163 Extra"]
[Source "ChessBase"]
[SourceDate "2014.12.23"]
[SourceVersion "1"]
[SourceVersionDate "2014.12.23"]
[SourceQuality "1"]

1. Nf3 Nf6 2. d4 g6 3. c4 Bg7 4. Nc3 d6 5. e4 0-0 6. Be2 e5 7. d5 Nbd7 8. 0-0 Nc5 9. Qc2 a5 10. Bg5 h6 11. Bxf6 Qxf6 1/2-1/2

[Event "Vall del Tenes op 3rd"]
[Site "Santa Eulalia de Roncana"]
[Date "2014.05.02"]
[Round "2"]
[White "Camus, Adrian Hugo"]
[Black "Barea Serra, Josep"]
[Result "1-0"]
[WhiteElo "2155"]
[BlackElo "1905"]
[PlyCount "61"]
[EventDate "2014.04.25"]
[EventType "swiss"]
[EventRounds "8"]
[EventCountry "ESP"]
[SourceTitle "CBM 160 Extra"]
[Source "ChessBase"]
[SourceDate "2014.07.01"]
[SourceVersion "1"]
[SourceVersionDate "2014.07.01"]
[SourceQuality "1"]

1. d4 Nf6 2. Nf3 d6 3. Nc3 Nbd7 4. Bf4 g6 5. h3 Bg7 6. e4 0-0 7. Qd2 c5 8. d5 a6 9. a4 Qa5 10. Ra3 Nh5 11. Bh6 Re8 12. Bxg7 Kxg7 13. Be2 Nf8 14. 0-0 Nf6 15. Nh2 Qb4 16. f3 Qb6 17. a5 Qc7 18. Kh1 Bd7 19. Bc4 e5 20. dxe6 Bxe6 21. Bd5 Bxd5 22. Nxd5 Nxd5 23. Qxd5 Re5 24. Qd2 Kg8 25. Ng4 Re6 26. Qc3 h5 27. Nf6+ Rxf6 28. Qxf6 Ne6 29. f4 Rf8 30. f5 Nd4 31. fxg6 1-0